000 00569nam a2200229Ia 4500
003 OSt
005 20221005120246.0
006 a|||||r|||| 00| 0
007 ta
008 221004b |||||||| |||| 00| 0 urd d
024 _a9681
037 _cTextual
040 _aCRL
_cCRL
_burd
041 _2urd
_aurd
082 _aO168,3M60,21, G2
100 _aSharar Abdul Halim
245 0 _aDilchasp
260 _c1932
650 _aURDU FICTION
_93298
942 _hO168,3M60,21, G2
_cTEXL
_2cc
999 _c1037435
_d1037435